| 000 | 00482cam a2200205ua 4500 | ||
|---|---|---|---|
| 001 | 10035 | ||
| 005 | 20260515114545.0 | ||
| 008 | 170322n ii |||gr||||Z||||||eng | ||
| 020 | _a812372179X | ||
| 040 | _cMAIN | ||
| 041 | _aeng | ||
| 082 | _a362.1 | ||
| 100 |
_aMenon, M.P.S., _eAuthor. |
||
| 245 |
_aAsthma : _bhow to control it / _cBy M.P.S. Menon . |
||
| 250 | _a2nd ed./rep. | ||
| 260 |
_aNew Delhi: _bNBT, _c2007. |
||
| 300 | _a92p. | ||
| 653 | _aDisease | ||
| 942 | _cBK | ||
| 999 |
_c9026 _d9026 |
||